000 00617nam a2200169Ia 4500
008 090711s9999 xx 000 0 und d
082 _b28911
100 _aप्रफुल्लदत्त
245 _aनेहरु एक छंदमुक्त िंSाात्न
260 _c1973
300 _a175
600 _aप्रफुल्लदत्त
630 _aनेहरु एक छंदमुक्त िंSाात्न
700 _aप्रफुल्लदत्त
730 _aनेहरु एक छंदमुक्त िंSाात्न
942 _cBOOK
999 _c289654
_d289654